Regata Bicentenario

Sábháilte in:
Sonraí bibleagrafaíochta
Údar corparáideach: Armada de Chile (Údar)
Formáid: LEABHAR
Teanga:Spáinnis
Béarla
Foilsithe / Cruthaithe: Santiago Kactus 2010
Ábhair:
Clibeanna: Cuir clib leis
Níl clibeanna ann, Bí ar an gcéad duine le clib a chur leis an taifead seo!

MARC

LEADER 00000cam a2200000 a 4500
001 UCF2512
003 CL-VaPUC
008 120824e20100000CL |||||||||||||||||spa|d
020 |a 9789567136810 
041 0 7 |a spa  |2 CL-VaPUC 
041 0 7 |a eng  |2 CL-VaPUC 
082 0 4 |a 380  |b ARM  |2 21 
110 2 |a Armada de Chile  |e author  |9 564177 
245 1 0 |a Regata Bicentenario 
246 1 0 |a Bicentennial Regatta 
300 |a 160 p 
942 |c BK 
945 |d 20120824 00:00:00  |a dcastane 
260 |a Santiago  |b Kactus  |c 2010 
650 0 |a Embarcaciones  |9 480415 
650 0 |a Buques de vela  |9 563205 
650 7 |a REGATAS  |2 CL-VaPUC  |9 564178 
583 |a last modification  |c 20120824 12:41:00  |k Rodrigo Vera 
999 |c 349068  |d 349066 
952 |0 0  |1 0  |4 0  |6 380_000000000000000_ARM_2010  |7 0  |8 C  |9 451448  |a BIBCUR  |b BIBCUR  |d 2019-11-22  |i 4895754  |o 380 ARM 2010  |p 4895754  |r 2025-04-22  |w 2019-11-22  |y BK  |k CAC 
952 |0 0  |1 0  |4 0  |6 380_000000000000000_ARM_2010  |7 0  |8 X  |9 451449  |a FDOBUD  |b FDOBUD  |d 2019-11-22  |i 488129K  |o 380 ARM 2010  |p 488129K  |r 2019-11-22  |w 2019-11-22  |y BK_X  |k BUD